000 00419nam a2200181Ia 4500
001 4219
005 20260306145739.0
008 260306t2016||||xx |||||||||||||| ||spa||
041 _aESP
082 _a320.01
_bS735
100 _aSen, Amartya
_eAUT
245 0 _aNuevo examen de la desigualdad
260 _c2016
300 _a221 páginas :
_c23 cm.
650 _aGEN
654 _aCDE
942 _cLIB
_dJUS
_fJUS
_2ddc
_n
999 _c4219
_d4219